000 00730nam a2200265Ia 4500
005 20260302114237.0
008 008 260114s9999 xx 000 0 eng d
020 _a9781666990072
037 _aTextbook
040 _aCRL
040 _beng
040 _cCRL
041 _2eng
041 _aeng
084 _qCRL
100 _aMartta Heikkilä
_91118188
245 0 _aDeconstruction and the Work of Art Visual Arts and Their Critique in Contemporary French Thought
260 _bBloomsbury
260 _bLexington Books
260 _c2021
650 _aPhilosophy
856 _uhttps://doi.org/10.5040/9781666990072?locatt=label:secondary_bloomsburyCollections
942 _cEBOOK
999 _c1681850
_d1681850